000 00219 a2200097 4500
001 17047
100 _aDickens Charles
245 _aAdventures of Oliver twist
260 _aLondon
_bMacdonald
_c
090 _c12713
_d12713
942 _aNUST-CAE
_cM
_c3018
999 _c252120
_d252120